El sitio de las abras
Uloženo v:
| Hlavní autor: | |
|---|---|
| Médium: | Kniha |
| Jazyk: | Spanish |
| Vydáno: |
San José, Costa Rica
Editorial Costa Rica
1979
|
| Vydání: | 8a. ed |
| Témata: | |
| Tagy: |
Přidat tag
Žádné tagy, Buďte první, kdo vytvoří štítek k tomuto záznamu!
|
MARC
| LEADER | 00000nam a2200000 4500 | ||
|---|---|---|---|
| 008 | 180402b xxu||||| |||| 00| 0 spa d | ||
| 040 | |a cru BVZT | ||
| 090 | |a 868 D-9s | ||
| 100 | |a Dobles, Fabián | ||
| 245 | |a El sitio de las abras |c Fabián Dobles | ||
| 250 | |a 8a. ed | ||
| 260 | |a San José, Costa Rica |b Editorial Costa Rica |c 1979 | ||
| 300 | |a 201 páginas | ||
| 650 | |a LITERATURA COSTARRICENSE | ||
| 650 | |a NOVELA | ||
| 942 | |c 4 D |0 3 | ||
| 999 | |c 30446 |d 30446 | ||
